The intelligent man's guide to the post-war world / (Record no. 43550)
[ view plain ]
| 000 -LEADER | |
|---|---|
| fixed length control field | 00871nam a2200265 a 4500 |
| 001 - CONTROL NUMBER | |
| control field | 43550 |
| 003 - CONTROL NUMBER IDENTIFIER | |
| rucl marc code | BD-RjUL |
| 005 - DATE AND TIME OF LATEST TRANSACTION | |
| control field | 20211209053720.0 |
| 008 - FIXED-LENGTH DATA ELEMENTS--GENERAL INFORMATION | |
| fixed length control field | 160623s1947 enkb b 00010 eng d |
| 035 ## - SYSTEM CONTROL NUMBER | |
| System control number | (BD-RjUL)43668 |
| System control number | 594625 |
| 040 ## - CATALOGING SOURCE | |
| Modifying agency | BD-RjUL |
| Original cataloging agency | BD-RjUL |
| Language of cataloging | eng |
| Transcribing agency | BD-RjUL |
| 041 ## - LANGUAGE CODE | |
| Language code of text/sound track or separate title | eng |
| 082 0# - DEWEY DECIMAL CLASSIFICATION NUMBER | |
| Classification number | 909.82 |
| Edition number | 20 |
| Author mark and year | COI 1947 |
| 100 1# - MAIN ENTRY--PERSONAL NAME | |
| Personal name | Cole, G. D. H. |
| Fuller form of name | (George Douglas Howard), |
| Dates associated with a name | 1889-1959. |
| 9 (RLIN) | 127557 |
| 245 14 - TITLE STATEMENT | |
| Title | The intelligent man's guide to the post-war world / |
| Statement of responsibility, etc. | by G. D. H. Cole. |
| 260 ## - PUBLICATION, DISTRIBUTION, ETC. (IMPRINT) | |
| Place of publication, distribution, etc. | London : |
| Name of publisher, distributor, etc. | V. Gollancz, |
| Date of publication, distribution, etc. | 1947 [impresion 1948] |
| 300 ## - PHYSICAL DESCRIPTION | |
| Pagination | 1143 p : |
| Illustrations | ill. ; |
| Size | 19 cm. |
| 500 ## - GENERAL NOTE | |
| General note | "Select book list": p. 1093-1103. |
| 650 #0 - SUBJECT ADDED ENTRY--TOPICAL TERM | |
| Topical term or geographic name as entry element | Reconstruction (1939-1951) |
| 9 (RLIN) | 133786 |
| Topical term or geographic name as entry element | World politics. |
| 9 (RLIN) | 133787 |
| Topical term or geographic name as entry element | Socialism. |
| 9 (RLIN) | 133788 |
| 651 #0 - SUBJECT ADDED ENTRY--GEOGRAPHIC NAME | |
| Geographic name | Great Britain |
| General subdivision | Economic conditions |
| Chronological subdivision | 1945-1993. |
| 9 (RLIN) | 133789 |
| 942 ## - ADDED ENTRY ELEMENTS (KOHA) | |
| Source of classification or shelving scheme | Dewey Decimal Classification |
| Koha item type | Books |
| Lost status | Source of classification or shelving scheme | Damaged status | Not for loan | Collection code | Permanent Location | Current Location | Shelving location | Date acquired | Total Checkouts | Full call number | Date last seen | Copy number | Koha item type | Source of acquisition |
|---|---|---|---|---|---|---|---|---|---|---|---|---|---|---|
| Dewey Decimal Classification | Non-fiction | Central Library, University of Rajshahi | Central Library, University of Rajshahi | 29/05/1952 | 909.82 COI 1948 | 23/06/2016 | C-2 | Books | ||||||
| Dewey Decimal Classification | Non-fiction | Central Library, University of Rajshahi | Central Library, University of Rajshahi | 25/03/1974 | 909.82 COI 1947 | 25/06/2016 | C-3 | Books | B.N.B.C |